Search the Library Catalogue
| 000 -LEADER | |
|---|---|
| fixed length control field | 00862nam a2200229Ia 4500 |
| 008 - FIXED-LENGTH DATA ELEMENTS--GENERAL INFORMATION | |
| fixed length control field | 191130s2005##################000#0#eng## |
| 020 ## - INTERNATIONAL STANDARD BOOK NUMBER | |
| ISBN | 0714656259 (hb) |
| 082 ## - DEWEY DECIMAL CLASSIFICATION NUMBER | |
| Classification number | 940.53/49742 |
| 100 ## - MAIN ENTRY--AUTHOR NAME | |
| Personal name | Redžić, Enver |
| 245 ## - TITLE STATEMENT | |
| Title | Bosnia and Herzegovina in the second world war |
| Statement of responsibility, etc | Enver Redzic ; translated by Aida Vidan ; introduction and editorial notes by Robert J. Donia |
| 260 ## - PUBLICATION, DISTRIBUTION, ETC. (IMPRINT) | |
| Place of publication | London ; Portland, OR |
| Name of publisher | Frank Cass |
| Year of publication | 2005 |
| 300 ## - PHYSICAL DESCRIPTION | |
| Number of Pages | xi, 250 p. : map ; 24 cm |
| 500 ## - GENERAL NOTE | |
| General note | Includes bibliographical references and index |
| 650 ## - SUBJECT ADDED ENTRY--TOPICAL TERM | |
| Topical Term | Bosnia and Hercegovina - History - 1918-1945 |
| Topical Term | Muslims - Bosnia and Hercegovina - History - 20th century |
| Topical Term | World War, 1939-1945 - Bosnia and Hercegovina |
| 991 ## - | |
| -- | 175549 |
No items available.